Journal of Intercultural Management

Salvato in:
Dettagli Bibliografici
Natura: Periodico
Lingua:inglese
Pubblicazione: Łódź Społeczna Akademia Nauk
Tags: Aggiungi Tag
Nessun Tag, puoi essere il primo ad aggiungerne!!

MARC

LEADER 00000nas1a2200000 4500
001 0247953
005 20230515103034.5
022 |a 2543-831X 
022 |a 2080-0150 
041 0 |a eng 
044 |a PL 
245 1 0 |a Journal of Intercultural Management 
264 1 |a Łódź  |b Społeczna Akademia Nauk